Italy City Quiz *Easy* - Statistics

General Stats
  • This quiz has been taken 12 times
  • The average score is 11 of 20
Answers on the Map
Answers color-coded by a green-red scale on the quiz's map according to % correct below.
 
Answer Stats
Region City % Correct
Sicily Catania
83%
Campania Salerno
83%
Apulia Taranto
83%
Lombardy Brescia
67%
Emilia-Romagna Parma
67%
Abruzzo Pescara
67%
Veneto Verona
67%
Trentino-Alto Adige Bolzano
58%
Liguria La Spezia
58%
Lazio Latina
58%
Calabria Reggio Calabria
58%
Sardinia Sassari
58%
Friuli-Venezia Giulia Udine
58%
Basilicata Matera
50%
Tuscany Prato
42%
Molise Termoli
33%
Umbria Terni
33%
Pietmont Novara
25%
Marche Pesaro
25%
Aosta Valley Sarre
8%
No matching quizzes found
Score Distribution
Percent of People with Each Score
Percentile by Number Answered
Your Score History
You have not taken this quiz